Carregant...

Onnam loka mahayudham/

Dades bibliogràfiques
Autor principal: Vasudevan Pilla, N.
Format: Printed Book
Idioma:English
Publicat: Thiruvananthapuram: State Institute of Languages, 1990
LEADER 00554nam a22001577a 4500
003 OSt
005 20200624134624.0
008 160401b xxu||||| |||| 00| 0 eng d
082 |a 940.3 VAS/O 
100 |a Vasudevan Pilla, N. 
245 |a Onnam loka mahayudham/  |c N. Vasudevan Pilla 
260 |a Thiruvananthapuram:  |b State Institute of Languages,  |c 1990 
300 |a 192p. 
942 |2 ddc  |c BK 
999 |c 328005  |d 328005 
952 |0 0  |1 0  |2 ddc  |4 0  |6 940_300000000000000_VAS_O  |7 0  |9 374583  |a CSC  |b CSC  |c ST1  |d 2016-04-01  |i 9138  |l 0  |o 940.3 VAS/O  |p CSC9138  |r 2016-04-01  |w 2016-04-01  |y BK